000 00536cam a22001814a 4500
005 20250605164353.0
008 250528s ||||||||||||||||||||||||d
035 _a24169
040 _aGR-AtMCL
_bgre
_dGR-AtMCL
_eAACR2
245 1 _aInfrastructure Investments / A Look at the Current and Future Projects that will Modernise Slovenia's Rail Network
260 _c2019
300 _a49
520 _aCyber-Security, High-Speed Rail.
700 1 _aWaters Craig
_99421
942 _cCR
999 _c9065
_d9065